Normal view
MARC view
- Muneeb Arshad
Entry Personal Name
001 - CONTROL NUMBER
- control field: 88693
003 - CONTROL NUMBER IDENTIFIER
- control field: NUST
005 - DATE AND TIME OF LATEST TRANSACTION
- control field: 20220201151401.0
008 - FIXED-LENGTH DATA ELEMENTS
- fixed length control field: 220201|| aca||aabn | a|a d
040 ## - CATALOGING SOURCE
- Original cataloging agency: NUST
- Transcribing agency: NUST
100 ## - HEADING--PERSONAL NAME
- Personal name: Muneeb Arshad
670 ## - SOURCE DATA FOUND
- Source citation: Work cat.: (NUST): Muneeb Arshad , TH-SOF-1959-Analysis and Classification of EEG Signals, 2021.
